00653nac a22001931u 4500010001600000082001100016090001500027100003400042245005200076260003600128300004500164500001500209500004100224650004300265650004700308700007400355942001500429999001500444 a 37003897 a610.69 c3588d3588 a20080729 04aThe British encyclopaedia of medical practice / aLondon,bButterworth,c1936-39. aV.2:billus., plates (part col.)c26 cm. aDonations. aDonations - Bibliotheca Alexandrina. 0aMedicinexPractice. [from old catalog] 0aMedicinexDictionaries. [from old catalog]1 aRolleston, Humphrey Davy,cSir, bart.,d1862-1944, [from old catalog] cBBk610.69 c3588d3588